00996 a2200241 4500003000500000005001700005010001700022020003300039040000900072082001500081245009600096260003700192300003300229440003500262505023900297650002000536650003800556650001400594700002200608700001900630700001400649856009100663Nust20220720094305.0 a 2004043591 a0415309972 (acid-free paper) cNust00a003.85,DYN00aDynamical systems and control /cedited by Firdaus E. Udwadia, H.I. Weber, George Leitmann. aBoca Raton :bCRC Press,cc2004. aix, 437 p. :bill. ;c27 cm. 0aStability and control ;vv. 22 aA Geometric Approach to the Mehanics of Densely Folded Media (Page-3), Optimal Round-Trip Earth-Mars Trajectories for Robotic Flight and Manned Flight (Page-109), Estimation of the Attractor for an Uncertain Epidemic Model (Page-337). 0aControl theory. 0aDifferentiable dynamical systems. 0aDynamics.1 aLeitmann, George.1 aUdwadia, F. E.1 aWeber, H.423Publisher descriptionuhttp://www.loc.gov/catdir/enhancements/fy0646/2004043591-d.html